000 00600cam a22002171 4500
001 he 68001973
003 DLC
005 20260227111500.0
008 840119s1968 is a 000 0 heb
010 _ahe 68001973
035 _a(OCoLC)19149823
040 _aDLC
_cMH
_dCU
_dDLC
042 _apremarc
050 0 0 _aPJ5054.B534
_bS5
100 1 _aBinietsky, Menachem.
245 1 0 _aShirim, Mai, Yuni.
260 _aTel Aviv :
_bUniversiṭat Tel-Aviv, Mifʻal ha-shikhpul,
_c[1968]
300 _a46 p. :
_bill. ;
_c23 cm.
500 _aAdded t.p.: Poems, May, June.
752 _aIsrael
_dTel Aviv
999 _c33461
_d33461